| 000 | 01176cam a2200325 a 4500 | ||
|---|---|---|---|
| 001 | 4994961 | ||
| 003 | OSt | ||
| 005 | 20250206150458.0 | ||
| 008 | 990402s2000 nyua 001 0 eng | ||
| 010 | _a 99023302 | ||
| 020 | _a0028043057 | ||
| 040 |
_aDLC _cDLC _dDLC |
||
| 050 | 0 | 0 |
_aLB1062.6 _b.F47 2000 |
| 082 | 0 | 0 |
_a370.15/2 _221 |
| 100 | 1 | _aFerrett, Sharon K. | |
| 245 | 1 | 0 |
_aPeak performance : _bsuccess in college and beyond / _cSharon K. Ferrett. |
| 250 | _a3rd ed. | ||
| 260 |
_aNew York, N.Y. : _bGlencoe/McGraw-Hill, _cc2000. |
||
| 300 |
_a1 v. (various pagings) : _bcol. ill. ; _c28 cm. |
||
| 500 | _aIncludes index. | ||
| 650 | 0 | _aAcademic achievement. | |
| 650 | 0 | _aPerformance. | |
| 650 | 0 | _aCareer development. | |
| 650 | 0 | _aSuccess. | |
| 856 | 4 | 2 |
_3Contributor biographical information _uhttp://www.loc.gov/catdir/bios/mh041/99023302.html |
| 856 | 4 | 2 |
_3Publisher description _uhttp://www.loc.gov/catdir/description/mh031/99023302.html |
| 906 |
_a7 _bcbc _corignew _d1 _eocip _f19 _gy-gencatlg |
||
| 942 |
_2ddc _cBK |
||
| 999 |
_c4092 _d4092 |
||